Potestad de los patriarcas y de las iglesias orientales sobre los fieles de su propio rito (Registro nro. 69645)
[ vista simple ]
| 000 -LÍDER | |
|---|---|
| Campo fijo de descripción fija | 01516nab a2200229 i 4500 |
| 001 - NÚMERO DE CONTROL | |
| Campo de control | 768714001 |
| 003 - IDENTIFICADOR DEL NÚMERO DE CONTROL | |
| Campo de control | CO-MdFUSB |
| 005 - FECHA Y HORA DE LA ULTIMA TRANSACCIÓN | |
| control field | 20240509170047.0 |
| 008 - ELEMENTOS DE LONGITUD FIJA -- INFORMACIÓN GENERAL | |
| Campo fijo de descripción fija -- Información general | 240509t1969 sp ||||| |||| 00| 0 spa d |
| 040 ## - FUENTE DE CATALOGACIÓN | |
| Idioma de catalogación | spa |
| Agencia que realiza la transcripción | CO-MdFUSB |
| Agencia que realiza la modificación | CO-MdFUSB |
| 041 ## - CÓDIGO DE IDIOMA | |
| Código de idioma para texto/pista de sonido o título separado | spa |
| 100 ## - ASIENTO PRINCIPAL--NOMBRE PERSONAL | |
| Nombre personal | Rezác, Giovanni, |
| Término relacionador | autor |
| 245 ## - TÍTULO | |
| Título | Potestad de los patriarcas y de las iglesias orientales sobre los fieles de su propio rito |
| Mención de responsabilidad | / Giovanni Rezác |
| 520 ## - NOTA DE RESUMEN, ETC. | |
| Nota de sumario, etc. | A través de su Orientalium Ecclesiarum, el Concilio Vaticano Segundo contribuyó en el restablecimiento de la dignidad y la autoridad de los patriarcas. En consecuencia, llegaron a una resolución que fue sólo temporal y proporcionó cierto grado de satisfacción. Entre las cuestiones que quedaron sin aclarar esta de la precedencia de los patriarcas y la de la extensión de su potestad a todos los fieles de su rito, prescindiendo de dónde se encuentren, es decir, fuera de los patriarcados. Este artículo se ocupa de la segunda cuestión que es más importante por sí misma y por las razones pastorales para el bien de las almas, que tantas veces instó el Concilio. |
| 650 #7 - ASIENTO SECUNDARIO DE MATERIA - TERMINO TEMÁTICO | |
| Término temático o nombre geográfico como elemento de entrada | Iglesia |
| 9 (RLIN) | 655 |
| 650 #7 - ASIENTO SECUNDARIO DE MATERIA - TERMINO TEMÁTICO | |
| Término temático o nombre geográfico como elemento de entrada | Teología dogmática |
| 9 (RLIN) | 6937 |
| 650 #7 - ASIENTO SECUNDARIO DE MATERIA - TERMINO TEMÁTICO | |
| Término temático o nombre geográfico como elemento de entrada | Ritos y ceremonias |
| 9 (RLIN) | 207 |
| 653 ## - TÉRMINO DE INDIZACIÓN - NO CONTROLADO | |
| Término no controlado | Derecho canónico |
| 773 0# - ASIENTO DE ITEM FUENTE | |
| Biblionumber | 49450 |
| Itemnumber | 82611 |
| Otro identificador del ítem | R2538 |
| Título | Revista internacional de teología Concilium |
| Número de control del registro | (CO-MdFUSB)8 |
| Número Internacional Normalizado para Publicaciones Seriadas (ISSN) | 0210-1041 |
| Parte(s) relacionada(s) / Volumen., número. (mes año), páginas | Número 48, (septiembre - octubre, 1965), páginas: 274 - 283 |
| Enumeración y primera página | página: 274 |
| 942 ## - TIPO DE MATERIAL (KOHA) | |
| Tipo de Item KOHA | Artículos de Revista |
| 945 ## - INFORMACIÓN LOCAL DEL REGISTRO | |
| Catalogador | Catherine Arias Alvarez - Practicante SENA |
No hay ítems disponibles.
